000 00490nam a2200181Ia 4500
003 IN-BaIIA
008 211028s9999 xx 000 0 eng d
040 _cIIA Library
080 _a058(540)
_bMAN-14
245 0 _aManorama yearbook 2014
_cedited by Mammen Mathew
250 _a49th ed.
260 _aKottayam
_bMalayala Manorama
_c2014
300 _a1038p.
650 _aIndia-Yearbook
_933313
650 _aYearbook-India
_933314
700 _aMathew, Mammen. ed.
_936011
942 _cBK
999 _c18838
_d18838